000 00456cam a2200169ua 4500
041 _aeng
_h
082 _a666
_bFOR/DR
100 _aFord, R.W .
245 _aDrying /
_cR.W.Ford.
_hTextual Documents
260 _aLondon :
_bMaclaren and sons ltd ,
_c1964.
300 _a62 ; .
440 0 _aInstitute of Ceramics text book series,
_v
_x;
490 0 _aInstitute of Ceramics text book series,
_v
_x;
504 _a
942 _cBK
999 _c765
_d765